01169nam a2200193Ia 4500001001000000003001000010008004100020040002500061041001300086100003100099245007400130250001100204260006500215300002700280500026000307501011400567520026000681650003400941L235-9086IT-CnALBA170116s9999||||xx |||||||||||||| ||und|| aIT-CnALBAcIT-CnALBA aITALIANO aRIBADENEIRA P. PIETRO, SJ. 0aVITA DI SANT'IGNAZIO DI LOJOLA, FONDATORE DELLA COMPAGNIA DI GESÙ.  a1a ed. a ROMAbLA CIVILTÀ CATTOLICA EDIZIONI c1863 [1° Ed.:1863] a p. (prefazione: 5430) aTRADUZIONE DALLO SPAGNOLO DE FERRARI GIOVANNI GIOLITO. CONVERSIONE. PELLEGRINO A MONTSERRAT. PENITENTE A MANRESA. ESERCIZI SPIRITUALI. A GERUSALEMME. STUDI A PARIGI. MONTMARTRE. A VENEZIA. MISSIONI IN ORIENTE. PREPOSITO GENERALE. NUOVE FONDAZIONI E COLLEG aSocietà San Paolo EM - Piazza San Paolo, 14 - 12051 ALBA (CN) (non commercial uses only) ® Copyright 2017 aTRADUZIONE DALLO SPAGNOLO DE FERRARI GIOVANNI GIOLITO. CONVERSIONE. PELLEGRINO A MONTSERRAT. PENITENTE A MANRESA. ESERCIZI SPIRITUALI. A GERUSALEMME. STUDI A PARIGI. MONTMARTRE. A VENEZIA. MISSIONI IN ORIENTE. PREPOSITO GENERALE. NUOVE FONDAZIONI E COLLEG aMARIA SS. ANGELI SANTI DEMONI